Demografie revue pro výzkum populačního vývoje

Saved in:
Bibliographic Details
Format: Unknown
Published: Praha Český statistický úřad 2005
Tags: Add Tag
No Tags, Be the first to tag this record!

MARC

LEADER 00000 a2200000 4500
001 0037385
005 20220729102801.7
022 |a 0011-8265 
245 1 0 |a Demografie  |b revue pro výzkum populačního vývoje 
264 1 |a Praha  |b Český statistický úřad  |c 2005 
773 0 |w eu_un_cat*s120010 
774 0 |w eu_un_cat*0089261